2025 East All Stars - Statistics

General Stats
  • This quiz has been taken 7 times
  • The average score is 8 of 13
Answer Stats
Hint Answer % Correct
East Jayson Tatum
100%
East Giannis Antetokounmpo
83%
East Jaylen Brown
83%
East Damian Lillard
67%
East Donavon Mitchell
67%
East Jalen Brunson
67%
East Karl Anthony Towns
67%
East Evan Mobley
50%
East Cade Cunningham
33%
East Darius Garland
33%
East Pascal Siakam
33%
East Trae Young
33%
East Tyler Herro
33%
No matching quizzes found
Score Distribution
Percent of People with Each Score
Percentile by Number Answered
Your Score History
You have not taken this quiz